000 00811cab a2200253 4500
001 WB3439-35
008 090401t1998 xxu||||| |||| 00| 0 eng d
035 _a(Sirsi) u89043
041 _aeng
245 _aReview of fees
260 _c1998
350 _a0
490 _aContract Journal
_v395(6197) 14 October 1998, 2(1)
520 _aFollowing complaints from consultants, Constructionline has reduced its fees. The newly privatised government register charges according to turnover or number of professional staff employed.
650 _aCAPITA
650 _aCOMPLAINTS
650 _aCONSTRUCTION CONTRACTORS
650 _aCONSTRUCTIONLINE
650 _aCONSULTANTS
650 _aFEES
690 _aMANAGEMENT-BUSINESS MANAGEMENT-PROFESSIONAL PRACTICE
942 _n0
948 _c16/10/1998
999 _c56312
_d56312